000
00232 a2200097 4500
001
6905
100
_a
Sweeney, R J
245
_a
Measurement Techniques in Mechanical Engineering
260
_a
_b
Wiley Toppon
_c
090
_c
5707
_d
5707
942
_a
NUST-CAE
_c
M
_c
32164
999
_c
241978
_d
241978